[Event "South Normanton 4NCL op 23rd"]
[Site "South Normanton"]
[Date "2019.10.05"]
[Round "3"]
[White "Gogia, Armaan"]
[Black "Ireland, David J"]
[Result "1/2-1/2"]
[WhiteElo "1866"]
[BlackElo "1960"]
[PlyCount "53"]
[EventDate "2019.10.04"]
[EventType "swiss"]
[EventRounds "5"]
[EventCountry "ENG"]
[SourceTitle "CBM 192 Extra"]
[Source "Chessbase"]
[SourceDate "2019.11.06"]
[SourceVersion "1"]
[SourceVersionDate "2019.11.06"]
[SourceQuality "1"]

1. Nf3 Nf6 2. g3 g6 3. Bg2 Bg7 4. 0-0 d5 5. d3 0-0 6. Nc3 d4 7. Nb5 Nc6 8. c4 a6 9. Na3 Bf5 10. Rb1 a5 11. Nb5 e5 12. Nh4 Be6 13. b3 Qd7 14. Bd2 Ne8 15. e3 Rd8 16. exd4 exd4 17. Re1 Nd6 18. Nxd6 Qxd6 19. Bf4 Qd7 20. Qd2 Bf6 21. Nf3 Bf5 22. Ne5 Nxe5 23. Bxe5 Bxe5 24. Rxe5 b6 25. Be4 Bxe4 26. Rxe4 Rfe8 27. Rbe1 1/2-1/2

[Event "Newcastle Northumbria Masters"]
[Site "Newcastle on Tyne"]
[Date "2019.08.27"]
[Round "9"]
[White "Kanyamarala, Trisha"]
[Black "Gogia, Armaan"]
[Result "1/2-1/2"]
[WhiteElo "2028"]
[BlackElo "1816"]
[PlyCount "45"]
[EventDate "2019.08.23"]
[EventType "swiss"]
[EventRounds "9"]
[EventCountry "ENG"]
[SourceTitle "EXT 2020"]
[Source "ChessBase"]
[SourceDate "2019.10.17"]
[SourceVersion "1"]
[SourceVersionDate "2019.10.17"]
[SourceQuality "1"]

1. d4 Nf6 2. c4 g6 3. g3 Bg7 4. Bg2 0-0 5. Nc3 d6 6. Nf3 Nc6 7. 0-0 e5 8. dxe5 Nxe5 9. Nxe5 dxe5 10. Qb3 c6 11. h3 Qc7 12. Qc2 Bf5 13. e4 Be6 14. Qe2 Rfd8 15. Be3 Nd7 16. Rad1 Bf8 17. Nb1 Qa5 18. a3 Nb6 19. Nd2 Na4 20. Rb1 Rd7 21. Nf3 f6 22. Qc2 Nb6 23. Bxb6 1/2-1/2

[Event "Newcastle Northumbria Masters"]
[Site "Newcastle on Tyne"]
[Date "2019.08.25"]
[Round "4"]
[White "Gogia, Armaan"]
[Black "Maksimenko, Andrei"]
[Result "0-1"]
[WhiteElo "1816"]
[BlackElo "2461"]
[PlyCount "70"]
[EventDate "2019.08.23"]
[EventType "swiss"]
[EventRounds "9"]
[EventCountry "ENG"]
[SourceTitle "EXT 2020"]
[Source "ChessBase"]
[SourceDate "2019.10.17"]
[SourceVersion "1"]
[SourceVersionDate "2019.10.17"]
[SourceQuality "1"]

1. e4 g6 2. d4 Bg7 3. Nf3 d6 4. c4 Bg4 5. Be2 Nc6 6. Be3 e5 7. d5 Bxf3 8. Bxf3 Nd4 9. Nd2 Ne7 10. 0-0 0-0 11. b4 a5 12. a3 axb4 13. axb4 Qd7 14. Nb3 Rxa1 15. Nxa1 Nxf3+ 16. Qxf3 Qa4 17. Bd2 f5 18. Rc1 Qa2 19. Nb3 fxe4 20. Qc3 Qa8 21. Qc2 b5 22. Ra1 Qe8 23. Be3 Qf7 24. Ra5 bxc4 25. Qxc4 c6 26. Qxe4 cxd5 27. Qc2 d4 28. Bg5 Rc8 29. Qb2 Nc6 30. Qc2 d3 31. Qxd3 Nxa5 32. bxa5 Qc4 33. Qh3 Rb8 34. Nc1 h6 35. Bxh6 Rb1 0-1

[Event "Newcastle Northumbria Masters"]
[Site "Newcastle on Tyne"]
[Date "2019.08.25"]
[Round "5"]
[White "Storey, Charles"]
[Black "Gogia, Armaan"]
[Result "0-1"]
[WhiteElo "2228"]
[BlackElo "1816"]
[PlyCount "102"]
[EventDate "2019.08.23"]
[EventType "swiss"]
[EventRounds "9"]
[EventCountry "ENG"]
[SourceTitle "EXT 2020"]
[Source "ChessBase"]
[SourceDate "2019.10.17"]
[SourceVersion "1"]
[SourceVersionDate "2019.10.17"]
[SourceQuality "1"]

1. g3 Nf6 2. Bg2 g6 3. c4 Bg7 4. Nc3 0-0 5. d3 c5 6. Be3 d6 7. Qc1 Nc6 8. Bh6 Bf5 9. Bxc6 bxc6 10. e4 Be6 11. h4 Bxh6 12. Qxh6 Ng4 13. Qd2 h5 14. f3 Ne5 15. g4 Rb8 16. b3 Qa5 17. gxh5 Rxb3 18. axb3 Qxa1+ 19. Kf2 Qb2 20. Qxb2 Nxd3+ 21. Ke3 Nxb2 22. Rh2 Nxc4+ 23. bxc4 Bxc4 24. hxg6 fxg6 25. Rg2 Kf7 26. Rb2 Rh8 27. Rb7 Rxh4 28. Rc7 d5 29. Kf2 Rh2+ 30. Kg3 Rc2 31. exd5 Rxc3 32. dxc6 Bd5 33. Rc8 Ke6 34. c7 Bxf3 35. Nxf3 Kd7 36. Rg8 Kxc7 37. Rxg6 a5 38. Kf4 a4 39. Ng5 a3 40. Ra6 Kb7 41. Ra4 Kb6 42. Ne4 Rh3 43. Nf2 Rh4+ 44. Ng4 Rh3 45. Ne3 e5+ 46. Kxe5 Rxe3+ 47. Kd5 Kb5 48. Ra8 Rd3+ 49. Ke4 Rd4+ 50. Ke3 Ra4 51. Rb8+ Kc4 0-1

[Event "Gibraltar U16 op"]
[Site "Caleta"]
[Date "2019.08.16"]
[Round "2"]
[White "Cesar Maestre, Bernardo"]
[Black "Gogia, Armaan"]
[Result "1-0"]
[WhiteElo "2084"]
[BlackElo "1754"]
[PlyCount "95"]
[EventDate "2019.08.16"]
[EventType "swiss"]
[EventRounds "6"]
[EventCountry "GGB"]
[SourceTitle "CBM 195 Extra"]
[Source "ChessBase"]
[SourceDate "2020.05.31"]
[SourceVersion "1"]
[SourceVersionDate "2020.05.31"]
[SourceQuality "1"]

1. d4 Nf6 2. Nf3 g6 3. g3 Bg7 4. Bg2 0-0 5. 0-0 d6 6. c4 Nc6 7. Nc3 e5 8. dxe5 Nxe5 9. Nxe5 dxe5 10. Bg5 Qxd1 11. Rfxd1 c6 12. Rac1 Be6 13. b3 h6 14. Be3 Rfe8 15. Na4 Ng4 16. Bc5 Bf8 17. Bxf8 Kxf8 18. Nc5 Re7 19. Nxe6+ Rxe6 20. Bh3 f5 21. f3 Nf6 22. e4 Re7 23. exf5 gxf5 24. Bxf5 Kf7 25. Kf2 Rg8 26. Re1 Rg5 27. Bb1 h5 28. h4 Rg8 29. Bf5 Rge8 30. Rcd1 a5 31. Re2 Ra8 32. Red2 c5 33. Rd8 Ra7 34. a4 Ne8 35. R1d7 b6 36. Rxa7 Rxa7 37. Rd7+ Rxd7 38. Bxd7 Nc7 39. Ke3 Ke7 40. Bf5 Kf6 41. g4 Ne8 42. Bd3 Ng7 43. g5+ Kf7 44. Be4 Ke7 45. f4 exf4+ 46. Kxf4 Ne6+ 47. Ke5 Nd4 48. Bd5 1-0

[Event "Gibraltar U16 op"]
[Site "Caleta"]
[Date "2019.08.16"]
[Round "1"]
[White "Gogia, Armaan"]
[Black "Popham, Sarah"]
[Result "1-0"]
[WhiteElo "1754"]
[BlackElo "1372"]
[PlyCount "101"]
[EventDate "2019.08.16"]
[EventType "swiss"]
[EventRounds "6"]
[EventCountry "GGB"]
[SourceTitle "CBM 195 Extra"]
[Source "ChessBase"]
[SourceDate "2020.05.31"]
[SourceVersion "1"]
[SourceVersionDate "2020.05.31"]
[SourceQuality "1"]

1. Nc3 e5 2. e3 d5 3. Qh5 Nc6 4. Bb5 Qd6 5. d4 exd4 6. exd4 Nf6 7. Qe5+ Qe6 8. Nf3 Bd7 9. Qxe6+ fxe6 10. Bf4 0-0-0 11. 0-0-0 Bb4 12. Ne2 Ne4 13. Rhf1 Ne7 14. Bxd7+ Kxd7 15. Ne5+ Ke8 16. f3 Nf6 17. Bg5 Nd7 18. Nd3 Ba5 19. Nef4 h6 20. Bxe7 Kxe7 21. Ng6+ Kf7 22. Nxh8+ Rxh8 23. c3 c6 24. f4 Bd8 25. Ne5+ Nxe5 26. fxe5+ Ke8 27. Rf3 Bg5+ 28. Kc2 h5 29. Rdf1 Be7 30. Kd3 c5 31. dxc5 Bxc5 32. Rf7 b5 33. Rxg7 h4 34. Rf6 Bf8 35. Rxa7 Rg8 36. Rxf8+ Rxf8 37. Ra8+ Ke7 38. Rxf8 Kxf8 39. g4 Kf7 40. h3 Kg6 41. b3 Kg5 42. a4 bxa4 43. bxa4 Kf4 44. Kd4 Kg3 45. g5 Kxh3 46. g6 Kh2 47. g7 h3 48. g8Q Kh1 49. Qg3 h2 50. Qxh2+ Kxh2 51. a5 1-0

[Event "GBR-ch Major 106th"]
[Site "Torquay"]
[Date "2019.07.31"]
[Round "5"]
[White "Gogia, Armaan"]
[Black "Ingham, H William"]
[Result "1/2-1/2"]
[WhiteElo "1754"]
[BlackElo "1854"]
[PlyCount "69"]
[EventDate "2019.07.27"]
[EventType "swiss"]
[EventRounds "9"]
[EventCountry "ENG"]
[SourceTitle "EXT 2020"]
[Source "ChessBase"]
[SourceDate "2019.10.17"]
[SourceVersion "1"]
[SourceVersionDate "2019.10.17"]
[SourceQuality "1"]

1. e4 d5 2. exd5 Nf6 3. c4 e6 4. dxe6 Bxe6 5. Nf3 Qe7 6. Qe2 Nc6 7. d3 0-0-0 8. a3 Qd7 9. Be3 Ng4 10. Nc3 Bd6 11. 0-0-0 Rhe8 12. g3 Nxe3 13. fxe3 Ne5 14. Nxe5 Bxe5 15. Qc2 Bg4 16. Re1 Bf3 17. Rg1 Bf6 18. Qf2 Bc6 19. d4 b6 20. Bg2 Kb8 21. h4 Bxg2 22. Qxg2 Re6 23. Nd5 Rc6 24. Nxf6 Rxc4+ 25. Kb1 gxf6 26. Rc1 Rxc1+ 27. Rxc1 Qd5 28. Qxd5 Rxd5 29. Rf1 f5 30. Kc2 Kc8 31. Kd3 Kd8 32. Rf2 Ke7 33. e4 fxe4+ 34. Kxe4 Rd6 35. Rf5 1/2-1/2

[Event "North Wales op 4th"]
[Site "Llandudno"]
[Date "2019.06.23"]
[Round "5"]
[White "Gogia, Armaan"]
[Black "Camp, Imogen AL"]
[Result "1/2-1/2"]
[WhiteElo "1767"]
[BlackElo "1886"]
[PlyCount "75"]
[EventDate "2019.06.21"]
[EventType "swiss"]
[EventRounds "5"]
[EventCountry "WLS"]
[SourceTitle "EXT 2020"]
[Source "ChessBase"]
[SourceDate "2019.10.17"]
[SourceVersion "1"]
[SourceVersionDate "2019.10.17"]
[SourceQuality "1"]

1. e4 e5 2. Nf3 Nc6 3. Bb5 a6 4. Ba4 Nf6 5. Qe2 b5 6. Bb3 Be7 7. c3 d6 8. h3 Na5 9. Bc2 c5 10. 0-0 0-0 11. d4 Qc7 12. Rd1 Bb7 13. d5 Nd7 14. g4 Rfe8 15. Nbd2 g6 16. Nf1 Bf8 17. Ng3 Bg7 18. b3 Nb6 19. Be3 Bc8 20. Qd2 Nb7 21. Kg2 a5 22. Bh6 c4 23. Bxg7 Kxg7 24. Qg5 Qe7 25. Nh5+ Kh8 26. Nf6 Rd8 27. Qh4 h5 28. gxh5 Kg7 29. h6+ Kh8 30. Qg5 Nd7 31. Nxd7 Qxg5+ 32. Nxg5 Rxd7 33. bxc4 bxc4 34. f4 f6 35. Ne6 Re7 36. Nf8 Bxh3+ 37. Kxh3 Rxf8 38. fxe5 1/2-1/2

[Event "BCF-chT4S 1819 (4NCL)"]
[Site "England"]
[Date "2019.02.09"]
[Round "5.101"]
[White "Smith, Olivia"]
[Black "Gogia, Armaan"]
[Result "1-0"]
[WhiteElo "2110"]
[BlackElo "1982"]
[PlyCount "53"]
[EventDate "2018.11.17"]
[EventType "team-swiss"]
[EventRounds "11"]
[EventCountry "ENG"]
[SourceTitle "EXT 2021"]
[Source "ChessBase"]
[SourceDate "2020.10.23"]
[SourceVersion "1"]
[SourceVersionDate "2020.10.23"]
[SourceQuality "1"]
[WhiteTeam "Fischer's Catch"]
[BlackTeam "Ashfield II"]
[WhiteTeamCountry "WLS"]
[BlackTeamCountry "ENG"]

1. Nf3 Nf6 2. g3 g6 3. Bg2 Bg7 4. 0-0 0-0 5. d3 c5 6. e4 d6 7. Nbd2 Nc6 8. a4 Bd7 9. Nc4 Ng4 10. c3 Be6 11. Ne3 Nce5 12. Nxe5 Nxe5 13. f4 Nc6 14. f5 Bd7 15. Ng4 Ne5 16. Nh6+ Kh8 17. d4 cxd4 18. cxd4 Nc4 19. fxg6 fxg6 20. Nf7+ Rxf7 21. Rxf7 Be6 22. Rxg7 Kxg7 23. b3 Na5 24. d5 Qb6+ 25. Kh1 Qxb3 26. Qd4+ Kg8 27. Bb2 1-0